[Event "Muensterland Regionalliga 1718"]
[Site "Germany"]
[Date "2018.03.17"]
[Round "7.4"]
[White "Seegers, Hendrik"]
[Black "Quante, Lennart"]
[Result "1/2-1/2"]
[WhiteElo "2109"]
[BlackElo "2054"]
[PlyCount "111"]
[EventDate "2017.09.02"]
[EventType "team-tourn"]
[EventRounds "9"]
[EventCountry "GER"]
[SourceTitle "EXT 2019"]
[Source "ChessBase"]
[SourceDate "2018.10.10"]
[SourceVersion "1"]
[SourceVersionDate "2018.10.10"]
[SourceQuality "1"]
[WhiteTeam "Neuenkirchen"]
[BlackTeam "Muenster SK II"]
[WhiteTeamCountry "GER"]
[BlackTeamCountry "GER"]

1. d4 Nf6 2. Nf3 g6 3. c4 Bg7 4. Nc3 d5 5. e3 0-0 6. cxd5 Nxd5 7. Bc4 Nxc3 8. bxc3 c5 9. 0-0 Nc6 10. Ba3 b6 11. Rc1 Qc7 12. Qe2 Na5 13. Bd5 Rb8 14. Rfd1 Bb7 15. Bxb7 Nxb7 16. d5 Rfe8 17. c4 e6 18. Bb2 Bxb2 19. Qxb2 exd5 20. Rxd5 Rbd8 21. Rcd1 Rxd5 22. Rxd5 Rd8 23. Qd2 Rxd5 24. Qxd5 Qd6 25. e4 Qxd5 26. exd5 Nd6 27. Nd2 Kg7 28. Kf1 Kf6 29. Ke2 a6 30. a4 Ke7 31. g4 b5 32. cxb5 axb5 33. a5 Nc8 34. Ne4 c4 35. g5 b4 36. Ke3 Na7 37. Kd4 c3 38. Kd3 Nb5 39. a6 Kd7 40. Kc4 Nd6+ 41. Kd4 Nxe4 42. a7 c2 43. a8Q c1Q 44. Qa4+ Kd8 45. Kxe4 Qe1+ 46. Kd3 Qf1+ 47. Ke3 Qc1+ 48. Kd3 Qc3+ 49. Ke4 Qe1+ 50. Kd3 Qc3+ 51. Ke4 b3 52. Qa8+ Qc8 53. Qa5+ Qc7 54. Qa8+ Qc8 55. Qa5+ Qc7 56. Qa8+ 1/2-1/2

[Event "NRW Class1 1617"]
[Site "Germany"]
[Date "2017.05.21"]
[Round "9.6"]
[White "Seegers, Hendrik"]
[Black "Schimnatkowski, Lukas"]
[Result "1/2-1/2"]
[WhiteElo "2192"]
[BlackElo "1921"]
[PlyCount "56"]
[EventDate "2016.09.25"]
[EventType "team-tourn"]
[EventRounds "9"]
[EventCountry "GER"]
[SourceTitle "EXT 2023"]
[Source "ChessBase"]
[SourceDate "2022.10.05"]
[SourceVersion "1"]
[SourceVersionDate "2022.10.05"]
[SourceQuality "1"]
[WhiteTeam "Neuenkirchen"]
[BlackTeam "Katernberg SF II"]
[WhiteTeamCountry "GER"]
[BlackTeamCountry "GER"]

1. d4 c5 2. c3 Nf6 3. Nf3 Qa5 4. Nbd2 cxd4 5. Nb3 Qa4 6. Nfxd4 e5 7. Nf3 Nc6 8. g3 d5 9. Bg2 h6 10. 0-0 Be6 11. Nbd2 Qa5 12. Re1 Rd8 13. Qc2 Be7 14. e3 0-0 15. Rd1 Rc8 16. Nb3 Qb6 17. Qe2 a5 18. h3 Rfd8 19. Nbd2 Bc5 20. b3 d4 21. cxd4 exd4 22. Nf1 a4 23. exd4 Nxd4 24. Nxd4 Bxd4 25. Be3 Bxe3 26. Qxe3 Qxe3 27. Nxe3 axb3 28. axb3 Bxb3 1/2-1/2

[Event "NRW Class1 1617"]
[Site "Germany"]
[Date "2017.01.22"]
[Round "5.5"]
[White "Seegers, Hendrik"]
[Black "Bouaraba, Max"]
[Result "1-0"]
[WhiteElo "2192"]
[BlackElo "2192"]
[PlyCount "79"]
[EventDate "2016.09.25"]
[EventType "team-tourn"]
[EventRounds "9"]
[EventCountry "GER"]
[SourceTitle "EXT 2023"]
[Source "ChessBase"]
[SourceDate "2022.10.05"]
[SourceVersion "1"]
[SourceVersionDate "2022.10.05"]
[SourceQuality "1"]
[WhiteTeam "Neuenkirchen"]
[BlackTeam "Plettenberg"]
[WhiteTeamCountry "GER"]
[BlackTeamCountry "GER"]

1. d4 Nf6 2. Nf3 e6 3. Bf4 Bd6 4. Bxd6 cxd6 5. Nbd2 d5 6. e3 0-0 7. Bd3 Nc6 8. 0-0 d6 9. c3 e5 10. e4 exd4 11. Nxd4 Nxd4 12. cxd4 Qb6 13. e5 dxe5 14. dxe5 Ng4 15. h3 Nxe5 16. Nb3 Nxd3 17. Qxd3 Be6 18. Qd4 Qxd4 19. Nxd4 Rac8 20. Rfe1 Rfe8 21. Re5 Kf8 22. f4 g6 23. Kf2 Rc4 24. Rd1 a6 25. g4 Ke7 26. b3 Rc5 27. f5 Kd6 28. Rde1 Rc1 29. R1e2 Rd1 30. Nf3 d4 31. fxe6 Rxe6 32. Rxe6+ fxe6 33. Ng5 e5 34. Nf7+ Ke6 35. Nxe5 Kd5 36. Nf3 d3 37. Re7 Ra1 38. Rxb7 Rxa2+ 39. Ke3 Rb2 40. Nd2 1-0

[Event "Muensterland op 32d"]
[Site "Senden"]
[Date "2014.10.12"]
[Round "3"]
[White "Seegers, Hendrik"]
[Black "Gutman, Lev"]
[Result "0-1"]
[WhiteElo "2200"]
[BlackElo "2415"]
[PlyCount "92"]
[EventDate "2014.10.??"]
[EventType "swiss"]
[EventRounds "9"]
[EventCountry "GER"]
[SourceTitle "EXT 2017"]
[Source "ChessBase"]
[SourceDate "2016.10.25"]
[SourceVersion "1"]
[SourceVersionDate "2016.10.25"]
[SourceQuality "1"]

1. d4 Nf6 2. Nf3 g6 3. c4 Bg7 4. Nc3 d5 5. e3 0-0 6. cxd5 Nxd5 7. Bc4 Nb6 8. Be2 c5 9. dxc5 N6d7 10. Na4 Na6 11. Bxa6 Qa5+ 12. Bd2 Qxa6 13. Rc1 e5 14. e4 f5 15. Qb3+ Kh8 16. Qc4 b5 17. cxb6 axb6 18. Qxa6 Bxa6 19. Rc7 Nf6 20. Ng5 Bd3 21. Nc3 Ne8 22. Rd7 Bc4 23. b3 Bg8 24. Be3 Nf6 25. Rb7 h6 26. Nf3 Rfc8 27. Na4 Nxe4 28. 0-0 Rc2 29. Rxb6 g5 30. g3 Rxa2 31. Nc5 Nxc5 32. Bxc5 Bd5 33. Ne1 Rb2 34. Ng2 Rxb3 35. Rxb3 Bxb3 36. Ne3 Be6 37. Re1 Rc8 38. Bd6 e4 39. Nf1 Rc6 40. Be7 Kh7 41. g4 f4 42. h4 Kg6 43. hxg5 hxg5 44. Rxe4 Bxg4 45. Nd2 Be6 46. Nf3 Bd5 0-1

[Event "Politiken Cup 36th"]
[Site "Helsingor"]
[Date "2014.07.26"]
[Round "7"]
[White "Salomon, Johan"]
[Black "Seegers, Hendrik"]
[Result "1-0"]
[WhiteElo "2346"]
[BlackElo "2196"]
[PlyCount "77"]
[EventDate "2014.07.21"]
[EventType "swiss"]
[EventRounds "10"]
[EventCountry "DEN"]
[SourceTitle "CBM 161 Extra"]
[Source "ChessBase"]
[SourceDate "2014.08.29"]
[SourceVersion "1"]
[SourceVersionDate "2014.08.29"]
[SourceQuality "1"]

1. e4 e5 2. Nf3 Nc6 3. Bb5 a6 4. Ba4 Nf6 5. 0-0 Be7 6. Re1 b5 7. Bb3 Bb7 8. c3 0-0 9. d4 d6 10. a4 h6 11. Nbd2 Re8 12. Nf1 Bf8 13. Ng3 Na5 14. Bc2 Nc4 15. a5 c5 16. b3 Nxa5 17. dxe5 Ng4 18. exd6 Bxd6 19. h3 Ne5 20. Nf5 Nxf3+ 21. Qxf3 Be5 22. Bxh6 g6 23. Ng3 Nc6 24. Rad1 Qh4 25. Qe3 Qf6 26. Ne2 b4 27. Bg5 Qe6 28. Qxc5 Rac8 29. c4 Rc7 30. Nf4 Qc8 31. Qe3 f6 32. Bh6 Kh7 33. Nd5 Rf7 34. Bf4 a5 35. Bg3 Bxg3 36. Qxg3 Ne5 37. f4 Bxd5 38. exd5 Qc5+ 39. Kh2 1-0

[Event "NRW Class2 1314"]
[Site "Germany"]
[Date "2013.10.06"]
[Round "2.6"]
[White "Sicars, Thorsten"]
[Black "Seegers, Hendrik"]
[Result "1/2-1/2"]
[WhiteElo "1945"]
[BlackElo "2159"]
[PlyCount "175"]
[EventDate "2013.09.15"]
[EventType "team-tourn"]
[EventRounds "9"]
[EventCountry "GER"]
[SourceTitle "EXT 2015"]
[Source "ChessBase"]
[SourceDate "2014.11.20"]
[SourceVersion "1"]
[SourceVersionDate "2014.11.20"]
[SourceQuality "1"]
[WhiteTeam "Holsterhausen"]
[BlackTeam "Neuenkirchen"]
[WhiteTeamCountry "GER"]
[BlackTeamCountry "GER"]

1. d4 d5 2. Bf4 e6 3. e3 Bd6 4. Bxd6 Qxd6 5. Qg4 g6 6. Nd2 Ne7 7. Ngf3 Nd7 8. Qg3 Nf5 9. Qxd6 Nxd6 10. Bd3 b6 11. 0-0 Bb7 12. c4 c5 13. cxd5 Bxd5 14. e4 Bb7 15. e5 Nf5 16. Rfd1 0-0 17. dxc5 Nxc5 18. Be2 Rfd8 19. Nc4 h5 20. Rac1 Rd5 21. Rxd5 Bxd5 22. b4 Nd7 23. Nd6 Rd8 24. Nxf5 gxf5 25. a3 Bxf3 26. Bxf3 Nxe5 27. Bxh5 Rd3 28. Ra1 Rb3 29. Be2 Nc6 30. g3 Nd4 31. Bd1 Rb2 32. Kg2 Kg7 33. Rc1 Kg6 34. Rc7 Nb5 35. Rb7 Nxa3 36. Rxa7 Nc4 37. Kf1 Rxb4 38. Be2 Nd2+ 39. Kg2 Rb2 40. Rb7 Ne4 41. Kf1 e5 42. h4 f6 43. Rb8 Kh6 44. Rb7 b5 45. Rb6 b4 46. Bd3 Nd2+ 47. Kg2 e4 48. Bb5 Kg7 49. Rb7+ Kh6 50. Rb6 Kg6 51. Be8+ Kg7 52. Rb7+ Kf8 53. Bg6 Nc4 54. Kg1 Rb1+ 55. Kg2 Rb2 56. Kg1 e3 57. fxe3 Nxe3 58. Rf7+ Kg8 59. Rxf6 Kg7 60. Rb6 Rg2+ 61. Kh1 Rxg3 62. Bxf5 Nxf5 63. Rxb4 Kg6 64. Kh2 Rd3 65. Rg4+ Kh6 66. Kg1 Rd2 67. Ra4 Kh5 68. Ra5 Kg4 69. h5 Nh4 70. Kf1 Nf3 71. Ra8 Kxh5 72. Rg8 Ng5 73. Ke1 Ra2 74. Kd1 Kg4 75. Kc1 Kf4 76. Rf8+ Ke3 77. Re8+ Ne4 78. Rd8 Nd2 79. Rd7 Nb3+ 80. Kb1 Rh2 81. Re7+ Kd3 82. Rd7+ Nd4 83. Rc7 Nc2 84. Rd7+ Kc3 85. Rc7+ Kb3 86. Rb7+ Nb4 87. Kc1 Kc3 88. Rc7+ 1/2-1/2

[Event "NRW Class2 1213"]
[Site "Germany"]
[Date "2013.04.28"]
[Round "9.6"]
[White "Seegers, Hendrik"]
[Black "Heuermann, Heinz Burkhard"]
[Result "1-0"]
[WhiteElo "2178"]
[BlackElo "1956"]
[PlyCount "83"]
[EventDate "2012.09.16"]
[EventType "team-tourn"]
[EventRounds "9"]
[EventCountry "GER"]
[SourceTitle "EXT 2017"]
[Source "ChessBase"]
[SourceDate "2016.10.25"]
[SourceVersion "1"]
[SourceVersionDate "2016.10.25"]
[SourceQuality "1"]
[WhiteTeam "Neuenkirchen"]
[BlackTeam "Herford"]
[WhiteTeamCountry "GER"]
[BlackTeamCountry "GER"]

1. d4 Nf6 2. Nf3 d5 3. Bf4 e6 4. e3 c5 5. c3 Nc6 6. Nbd2 Bd6 7. Bg3 cxd4 8. exd4 a6 9. Bd3 Qc7 10. Qe2 b5 11. a3 Nd7 12. 0-0 0-0 13. Rfe1 Bxg3 14. hxg3 Re8 15. Ne5 Ncxe5 16. dxe5 Bb7 17. a4 Bc6 18. a5 Nc5 19. b4 Nd7 20. f4 Rac8 21. Nf3 Ba8 22. Rac1 Qa7+ 23. Kh2 Rc7 24. Bb1 Rec8 25. Qd3 g6 26. g4 Rc4 27. Nd4 Qc7 28. Ne2 Qd8 29. Qh3 Nb8 30. Rh1 Qf8 31. Bd3 R4c7 32. f5 exf5 33. gxf5 Nc6 34. Kg1 Qg7 35. f6 Qh8 36. e6 Ne5 37. Bb1 Re8 38. e7 Nd7 39. Rf1 Bb7 40. Bxg6 h6 41. Qh5 Ne5 42. Bxf7+ 1-0

[Event "Muensterland op 30th"]
[Site "Senden"]
[Date "2012.10.10"]
[Round "7"]
[White "Gutman, Lev"]
[Black "Seegers, Hendrik"]
[Result "1-0"]
[WhiteElo "2466"]
[BlackElo "2221"]
[PlyCount "159"]
[EventDate "2012.10.06"]
[EventType "swiss"]
[EventRounds "9"]
[EventCountry "GER"]
[SourceTitle "EXT 2013"]
[Source "ChessBase"]
[SourceDate "2012.11.22"]
[SourceVersion "1"]
[SourceVersionDate "2012.11.22"]
[SourceQuality "1"]

1. Nf3 c5 2. g3 Nc6 3. d4 cxd4 4. Nxd4 g6 5. Bg2 Bg7 6. c3 Nf6 7. 0-0 0-0 8. Qa4 Nxd4 9. Qxd4 Qc7 10. Na3 d6 11. Nb5 Qa5 12. c4 a6 13. Bd2 Qd8 14. Nc3 Ng4 15. Qd3 Ne5 16. Qe4 Rb8 17. Rad1 Bf5 18. Qh4 Bf6 19. Bg5 Bxg5 20. Qxg5 Nxc4 21. Rd4 Ne5 22. Rh4 f6 23. Qd2 Nf7 24. Nd5 Kg7 25. Rc1 Rc8 26. Rxc8 Bxc8 27. Rc4 Be6 28. Qc3 b5 29. Rc7 Bxd5 30. Bxd5 Ne5 31. Ra7 Re8 32. Rxa6 Qd7 33. Qe3 Rc8 34. Kg2 e6 35. Ra7 Rc7 36. Bxe6 Qc6+ 37. f3 Nc4 38. Rxc7+ Qxc7 39. Bxc4 Qxc4 40. Qe7+ Kg8 41. b3 Qc2 42. Qe8+ Kg7 43. Qxb5 Qxa2 44. Qd3 Qb2 45. Kf2 Qa3 46. Qc4 Qa7+ 47. Kg2 Qa2 48. Qe6 Qd2 49. Kf2 f5 50. Qc4 Qa2 51. Qd4+ Kh6 52. b4 Qa6 53. h4 Qc6 54. Qd3 Kg7 55. b5 Qc5+ 56. Kg2 Qb4 57. Qd5 Kf8 58. Kf2 Ke7 59. Qb7+ Kf6 60. Qc6 Qd4+ 61. Kg2 Qd2 62. Qc4 Qb2 63. Kf2 Ke5 64. Qc6 Qd4+ 65. Kg2 Qb2 66. Qc4 Kf6 67. g4 fxg4 68. fxg4 g5 69. h5 Ke5 70. Kf2 d5 71. Qc7+ Ke6 72. Qc8+ Kd6 73. Qf8+ Ke6 74. Qc5 Qf6+ 75. Kg2 Qf4 76. Qc8+ Ke7 77. Qf5 Qd2 78. Qxh7+ Kd6 79. Qd3 Qf4 80. Qg3 1-0

[Event "Wiesbaden op 24th"]
[Site "Wiesbaden"]
[Date "2012.08.26"]
[Round "7"]
[White "Seegers, Hendrik"]
[Black "Syed, Tareq"]
[Result "1-0"]
[WhiteElo "2217"]
[BlackElo "2064"]
[PlyCount "83"]
[EventDate "2012.08.23"]
[EventType "swiss"]
[EventRounds "7"]
[EventCountry "GER"]
[SourceTitle "CBM 150 Extra"]
[Source "ChessBase"]
[SourceDate "2012.10.19"]
[SourceVersion "1"]
[SourceVersionDate "2012.10.19"]
[SourceQuality "1"]

1. d4 c6 2. Nf3 d6 3. c4 Nd7 4. Nc3 Ngf6 5. e3 e5 6. Be2 Be7 7. Qc2 0-0 8. b3 Re8 9. Bb2 Qc7 10. 0-0 Nf8 11. h3 Ng6 12. Rac1 Bf8 13. Rfd1 e4 14. Nd2 Qe7 15. Nf1 h5 16. b4 b6 17. Nd2 Bf5 18. Nb3 Qd7 19. Bf1 Nh4 20. Ne2 Nh7 21. Ng3 Bg6 22. d5 c5 23. Qe2 Nf6 24. Bxf6 gxf6 25. Nxh5 Qf5 26. Nf4 Bh6 27. Nxg6 Qxg6 28. bxc5 bxc5 29. Qg4 Bg5 30. Na5 f5 31. Qg3 Kh8 32. Nb7 f4 33. exf4 Be7 34. Qxg6 Nxg6 35. g3 Rab8 36. Rb1 Bf8 37. Rb3 Kg8 38. Rdb1 f5 39. Nxc5 Rxb3 40. Nxb3 e3 41. Re1 exf2+ 42. Kxf2 1-0

[Event "Wiesbaden op 24th"]
[Site "Wiesbaden"]
[Date "2012.08.24"]
[Round "2"]
[White "Kobs, Stephan"]
[Black "Seegers, Hendrik"]
[Result "0-1"]
[WhiteElo "2019"]
[BlackElo "2217"]
[PlyCount "56"]
[EventDate "2012.08.23"]
[EventType "swiss"]
[EventRounds "7"]
[EventCountry "GER"]
[SourceTitle "CBM 150 Extra"]
[Source "ChessBase"]
[SourceDate "2012.10.19"]
[SourceVersion "1"]
[SourceVersionDate "2012.10.19"]
[SourceQuality "1"]

1. e4 d5 2. exd5 Nf6 3. c4 c6 4. d4 cxd5 5. Nc3 e6 6. Nf3 Be7 7. cxd5 Nxd5 8. Bc4 0-0 9. 0-0 Nxc3 10. bxc3 Qc7 11. Bd3 h6 12. Qe2 Nd7 13. Bd2 Rd8 14. Rfe1 Nf8 15. Ne5 Bd6 16. Qh5 f6 17. Ng4 Bf4 18. Nxf6+ gxf6 19. Qg4+ Bg5 20. f4 e5 21. Qh5 exd4 22. fxg5 dxc3 23. gxf6 cxd2 24. Re7 Qb6+ 25. Kh1 Qxf6 26. Bc4+ Be6 27. Bxe6+ Nxe6 28. Qg4+ Kh8 0-1

[Event "Wiesbaden op 24th"]
[Site "Wiesbaden"]
[Date "2012.08.24"]
[Round "3"]
[White "Seegers, Hendrik"]
[Black "Poetsch, Hagen"]
[Result "0-1"]
[WhiteElo "2217"]
[BlackElo "2462"]
[PlyCount "82"]
[EventDate "2012.08.23"]
[EventType "swiss"]
[EventRounds "7"]
[EventCountry "GER"]
[SourceTitle "CBM 150 Extra"]
[Source "ChessBase"]
[SourceDate "2012.10.19"]
[SourceVersion "1"]
[SourceVersionDate "2012.10.19"]
[SourceQuality "1"]

1. d4 Nf6 2. Nf3 c5 3. c3 Qa5 4. dxc5 Qxc5 5. Nbd2 d5 6. Nb3 Qd6 7. g3 Nc6 8. Bg2 g6 9. 0-0 Bg7 10. Nbd4 e5 11. Nxc6 bxc6 12. Re1 Bf5 13. Nh4 Be6 14. e4 0-0 15. exd5 cxd5 16. c4 Rac8 17. cxd5 Nxd5 18. Be3 Rfd8 19. Bg5 f6 20. Bd2 Nb6 21. Nf3 Qb8 22. b3 Bg4 23. Rc1 Qd6 24. Rxc8 Nxc8 25. Qc2 Bxf3 26. Bxf3 Qxd2 27. Qc4+ Kf8 28. Rd1 Qa5 29. b4 Qb6 30. a4 Ne7 31. Rxd8+ Qxd8 32. a5 f5 33. Qc5 e4 34. Be2 Qd2 35. Qb5 Bd4 36. Kf1 Qc1+ 37. Kg2 Qe1 38. Qb8+ Kg7 39. Qd6 Qxf2+ 40. Kh3 Bf6 41. Bc4 g5 0-1